[Event "FRA-chT Top 12 (Women) GpA"]
[Site "Paris"]
[Date "2025.05.10"]
[Round "3.1"]
[White "Cramling, Pia"]
[Black "Tsatsalashvili, Ketevan"]
[Result "1/2-1/2"]
[WhiteElo "2401"]
[BlackElo "2296"]
[PlyCount "103"]
[EventDate "2025.05.08"]
[EventType "team-tourn"]
[EventRounds "5"]
[EventCountry "FRA"]
[SourceTitle "CB20_2025"]
[SourceDate "2025.05.14"]
[SourceVersion "1"]
[SourceVersionDate "2025.05.14"]
[SourceQuality "1"]
[WhiteTeam "Monaco (W)"]
[BlackTeam "Montpellier (W)"]
[WhiteTeamCountry "MNC"]
[BlackTeamCountry "FRA"]

1. c4 e6 2. Nc3 d5 3. d4 Be7 4. Nf3 Nf6 5. Bg5 dxc4 6. e4 h6 7. Bxf6 Bxf6 8. e5 Be7 9. Bxc4 Nd7 10. 0-0 Nb6 11. Bb3 Bd7 12. d5 exd5 13. Nxd5 0-0 14. Nf4 Bg5 15. Ng6 Re8 16. h4 Be7 17. Qc2 Qc8 18. Rac1 Bf5 19. Nxe7+ Rxe7 20. Qc5 Qe8 21. Rfe1 Be6 22. Bxe6 fxe6 23. Nd4 Qf7 24. Re3 Nd5 25. Rf3 Qg6 26. Rd1 c6 27. Nxc6 Rc7 28. Ne7+ Rxe7 29. Rxd5 Qb1+ 30. Kh2 Rae8 31. Rd8 Kh7 32. Rxe8 Rxe8 33. Qd4 Qxa2 34. Qd7 Rg8 35. Qxb7 Qa4 36. g3 Qd4 37. Qb5 Kh8 38. Qb3 Qxe5 39. Re3 Rb8 40. Rxe5 Rxb3 41. Rxe6 Rxb2 42. Kg2 Ra2 43. h5 Kg8 44. Re7 Kf8 45. Rb7 a5 46. Ra7 a4 47. g4 a3 48. Kg3 Ra1 49. Kf4 Kg8 50. f3 a2 51. Kf5 Rf1 52. Rxa2 1/2-1/2

[Event "EU-ch rapid (Women)"]
[Site "Monaco"]
[Date "2025.01.12"]
[Round "11"]
[White "Hunt, Harriet"]
[Black "Cramling, Pia"]
[Result "0-1"]
[WhiteElo "2298"]
[BlackElo "2416"]
[PlyCount "62"]
[EventDate "2025.01.11"]
[EventType "swiss (rapid)"]
[EventRounds "11"]
[EventCountry "MNC"]
[SourceTitle "CB03_2025"]
[SourceDate "2025.01.15"]
[SourceVersion "1"]
[SourceVersionDate "2025.01.15"]
[SourceQuality "1"]

1. e4 c5 2. Nf3 Nc6 3. Bb5 e6 4. 0-0 Nge7 5. b3 a6 6. Bxc6 Nxc6 7. Bb2 f6 8. Nh4 g6 9. f4 Bd6 10. f5 Ne5 11. Nc3 b5 12. Qe2 Bb7 13. Nd1 Qe7 14. a4 exf5 15. exf5 Nf3+ 16. Rxf3 Qxe2 17. Re3+ Qxe3+ 18. Nxe3 Kf7 19. fxg6+ hxg6 20. g3 Be5 21. Bxe5 fxe5 22. Ng4 Ke6 23. Rf1 Rhf8 24. Re1 d6 25. c3 g5 26. Ng2 Bf3 27. N2e3 Kd7 28. c4 bxa4 29. bxa4 Rab8 30. Nf2 Rb2 31. Rf1 Bc6 0-1

[Event "EU-ch rapid (Women)"]
[Site "Monaco"]
[Date "2025.01.11"]
[Round "2"]
[White "Cramling, Pia"]
[Black "Rakhmangulova, Anastasiya"]
[Result "1-0"]
[WhiteElo "2416"]
[BlackElo "2323"]
[PlyCount "125"]
[EventDate "2025.01.11"]
[EventType "swiss (rapid)"]
[EventRounds "11"]
[EventCountry "MNC"]
[SourceTitle "CB03_2025"]
[SourceDate "2025.01.15"]
[SourceVersion "1"]
[SourceVersionDate "2025.01.15"]
[SourceQuality "1"]

1. d4 d6 2. Nf3 g6 3. e4 Bg7 4. Bc4 e6 5. Bb3 Ne7 6. a4 0-0 7. h4 e5 8. dxe5 dxe5 9. Qxd8 Rxd8 10. Ng5 Rf8 11. h5 Nd7 12. hxg6 hxg6 13. Nh7 Re8 14. Bg5 a5 15. Nc3 Nf8 16. Nf6+ Bxf6 17. Bxf6 Nh7 18. Rxh7 Kxh7 19. 0-0-0 Kg8 20. Nb5 Ra6 21. Bxe7 Rxe7 22. Rd8+ Kg7 23. Rxc8 Rf6 24. f3 c6 25. Nc7 Rf4 26. Ne8+ Kh6 27. Rd8 Kg5 28. Nd6 Kh4 29. Rg8 Rf6 30. Nxf7 Kg3 31. Ng5 Kxg2 32. Kd2 Kf2 33. Rh8 Rd7+ 34. Kc3 b5 35. Rb8 Rd4 36. Be6 bxa4 37. Ra8 Kg3 38. Bg4 Kh4 39. Ne6 Rd6 40. Nc5 g5 41. Nd3 a3 42. bxa3 Kg3 43. Rxa5 Rf8 44. Nxe5 Kf4 45. Nd3+ Ke3 46. a4 Rg6 47. Rc5 Ra8 48. a5 Rg7 49. Ne5 Ke2 50. Nc4 Ra6 51. f4+ Kf2 52. fxg5 Kg3 53. Bc8 Ra8 54. Rxc6 Rxg5 55. a6 Kf4 56. Bb7 Ra7 57. Kd4 Rg2 58. Rf6+ Kg5 59. Rf5+ Kg6 60. c3 Rc2 61. Rf3 Rc1 62. Ne5+ Kg7 63. Nc6 1-0

[Event "EU-ch rapid (Women)"]
[Site "Monaco"]
[Date "2025.01.11"]
[Round "3"]
[White "Hrebenshchykova, Yelyzaveta"]
[Black "Cramling, Pia"]
[Result "1-0"]
[WhiteElo "2280"]
[BlackElo "2416"]
[PlyCount "82"]
[EventDate "2025.01.11"]
[EventType "swiss (rapid)"]
[EventRounds "11"]
[EventCountry "MNC"]
[SourceTitle "CB03_2025"]
[SourceDate "2025.01.15"]
[SourceVersion "1"]
[SourceVersionDate "2025.01.15"]
[SourceQuality "1"]

1. e4 c5 2. Nf3 e6 3. d4 cxd4 4. Nxd4 a6 5. Bd3 Bc5 6. Nb3 Be7 7. 0-0 d6 8. c4 Nf6 9. Nc3 b6 10. Be3 Bb7 11. Qe2 Nbd7 12. f3 0-0 13. Rfd1 Qc7 14. Qf2 Rac8 15. Bf1 Rfe8 16. Kh1 Ba8 17. a4 Qb8 18. a5 Nc5 19. Nxc5 bxc5 20. Na4 Nd7 21. Bf4 Qc7 22. Qg3 e5 23. Bd2 Rb8 24. Rdb1 Rb3 25. Nc3 Reb8 26. Nd5 Bxd5 27. cxd5 Rxb2 28. Rxb2 Rxb2 29. Qe1 c4 30. Rc1 Nc5 31. Bxc4 h6 32. Bc3 Rb8 33. h4 Qd8 34. g3 Qd7 35. Qe2 Na4 36. Be1 Rb2 37. Rc2 Qh3+ 38. Kg1 Rb1 39. Qf2 Nc5 40. Bf1 Qd7 41. Rb2 Ra1 1-0

[Event "EU-ch blitz (Women)"]
[Site "Monaco"]
[Date "2025.01.10"]
[Round "13"]
[White "Osmak, Iulija"]
[Black "Cramling, Pia"]
[Result "0-1"]
[WhiteElo "2463"]
[BlackElo "2416"]
[PlyCount "96"]
[EventDate "2025.01.10"]
[EventType "swiss (blitz)"]
[EventRounds "13"]
[EventCountry "MNC"]
[SourceTitle "CB03_2025"]
[SourceDate "2025.01.15"]
[SourceVersion "1"]
[SourceVersionDate "2025.01.15"]
[SourceQuality "1"]

1. b4 d5 2. Bb2 Bg4 3. h3 Bh5 4. g4 Bg6 5. Bg2 e6 6. b5 a6 7. c4 axb5 8. cxb5 h5 9. Nf3 hxg4 10. hxg4 Rxh1+ 11. Bxh1 Nd7 12. a4 Ngf6 13. g5 Ne4 14. d3 Bb4+ 15. Kf1 Nxg5 16. Bxg7 Nxf3 17. Bxf3 Qh4 18. Nd2 Bh5 19. e3 Bxd2 20. Bxh5 Qh1+ 21. Ke2 Qxh5+ 22. Kxd2 Qf5 23. Qe2 f6 24. Bh6 Nc5 25. Kc2 e5 26. f3 Qg6 27. Rh1 Rxa4 28. Kb1 Rb4+ 29. Ka2 Nxd3 30. Qc2 Rb2+ 31. Qxb2 Nxb2 32. Kxb2 Qd3 33. Bg7 Kf7 34. Bh8 Qxb5+ 35. Kc3 Qc4+ 36. Kd2 Qb4+ 37. Kc2 Qa4+ 38. Kb2 Qb5+ 39. Kc3 Qc5+ 40. Kd3 Qc4+ 41. Kd2 d4 42. exd4 Qxd4+ 43. Ke2 b5 44. Rh6 Qf4 45. Rh7+ Kg8 46. Rh1 b4 47. Kd3 c5 48. Kc2 c4 0-1

[Event "Stockholm Generations Blitz"]
[Site "Stockholm"]
[Date "2024.11.02"]
[Round "6"]
[White "Cramling, Pia"]
[Black "Rozman, Levy"]
[Result "1-0"]
[WhiteElo "2415"]
[BlackElo "2347"]
[PlyCount "77"]
[EventDate "2024.11.02"]
[EventType "match (blitz)"]
[EventRounds "12"]
[EventCountry "SWE"]
[SourceTitle "CB45_2024"]
[Source "ChessBase"]
[SourceDate "2024.11.06"]
[SourceVersion "1"]
[SourceVersionDate "2024.11.06"]
[SourceQuality "1"]

1. d4 g6 2. e4 Bg7 3. Nf3 d6 4. Bc4 Nc6 5. h3 Nf6 6. Qe2 0-0 7. e5 dxe5 8. dxe5 Nd5 9. 0-0 Nb6 10. Bb3 Na5 11. Rd1 Qe8 12. Nc3 Nxb3 13. axb3 Bd7 14. Bf4 h6 15. Nd4 Kh7 16. e6 fxe6 17. Bxc7 Nd5 18. Bg3 Qf7 19. Nf3 Bxc3 20. bxc3 Nxc3 21. Qe1 Nxd1 22. Rxd1 Bc6 23. Ne5 Qf5 24. Nxc6 bxc6 25. Rd7 Rf7 26. Qc3 c5 27. Rc7 Rd8 28. Rxc5 Qe4 29. Kh2 Qd4 30. Qxd4 Rxd4 31. Rc7 a5 32. Ra7 Rd2 33. c4 Rb2 34. c5 Rxb3 35. c6 Rc3 36. c7 Rf8 37. Rxa5 Kg8 38. Rb5 Rc8 39. Rb8 1-0

[Event "Stockholm Generations Blitz"]
[Site "Stockholm"]
[Date "2024.11.02"]
[Round "5"]
[White "Rozman, Levy"]
[Black "Cramling, Pia"]
[Result "1-0"]
[WhiteElo "2347"]
[BlackElo "2415"]
[PlyCount "134"]
[EventDate "2024.11.02"]
[EventType "match (blitz)"]
[EventRounds "12"]
[EventCountry "SWE"]
[SourceTitle "CB45_2024"]
[Source "ChessBase"]
[SourceDate "2024.11.06"]
[SourceVersion "1"]
[SourceVersionDate "2024.11.06"]
[SourceQuality "1"]

1. e4 c5 2. Nf3 e6 3. c3 d5 4. exd5 Qxd5 5. Na3 Nf6 6. d4 a6 7. Nc4 Nbd7 8. a4 b6 9. Be2 Bb7 10. 0-0 Be7 11. dxc5 Bxc5 12. Be3 Bxe3 13. Nxe3 Qxd1 14. Rfxd1 0-0 15. Rd6 Rab8 16. Rad1 Nc5 17. Rxb6 Bxf3 18. Rxb8 Bxe2 19. Rxf8+ Kxf8 20. Rd2 Bd3 21. f3 Bg6 22. Rd8+ Ke7 23. Rc8 Nxa4 24. b3 Nb6 25. Rc7+ Kd6 26. Ra7 Kc6 27. c4 Nfd7 28. b4 Bd3 29. Rxa6 Kb7 30. Ra3 Bxc4 31. Rc3 Bb5 32. Rc1 Nf6 33. Rc5 Bc6 34. b5 Be8 35. Kf2 Na4 36. Rc1 Bxb5 37. Rb1 Kc6 38. Rc1+ Nc5 39. Ra1 Nd3+ 40. Kg3 Ne5 41. Ra7 g5 42. h3 Nh5+ 43. Kf2 Nf4 44. Ng4 Nfg6 45. Nf6 h5 46. Nxh5 Kb6 47. Ra1 Bc6 48. Nf6 Nf8 49. Rb1+ Kc7 50. Ra1 Kb6 51. Rb1+ Kc7 52. Ra1 Kb6 53. Ra3 Ned7 54. Rb3+ Kc5 55. Rc3+ Kb6 56. Ne8 Ne5 57. Nd6 Kc7 58. Nb5+ Kd7 59. Nd4 Bd5 60. Nc2 Nc4 61. Nb4 Kd6 62. Rc1 Ng6 63. Ra1 Nf4 64. Ra7 f6 65. Rg7 Ke5 66. Rh7 Nd3+ 67. Nxd3+ Kd4 1-0

[Event "Stockholm Generations Blitz"]
[Site "Stockholm"]
[Date "2024.11.02"]
[Round "9"]
[White "Rozman, Levy"]
[Black "Cramling, Pia"]
[Result "1-0"]
[WhiteElo "2347"]
[BlackElo "2415"]
[PlyCount "57"]
[EventDate "2024.11.02"]
[EventType "match (blitz)"]
[EventRounds "12"]
[EventCountry "SWE"]
[SourceTitle "CB45_2024"]
[Source "ChessBase"]
[SourceDate "2024.11.06"]
[SourceVersion "1"]
[SourceVersionDate "2024.11.06"]
[SourceQuality "1"]

1. b3 d5 2. Bb2 Bg4 3. f3 Bf5 4. e4 dxe4 5. Nc3 Nf6 6. Qe2 exf3 7. Nxf3 c6 8. 0-0-0 e6 9. h3 Nbd7 10. g4 Bg6 11. Bg2 Qa5 12. Kb1 Ba3 13. Ba1 0-0 14. Nh4 Rad8 15. Nxg6 hxg6 16. h4 Rfe8 17. h5 gxh5 18. gxh5 Qe5 19. Ne4 Qf4 20. h6 Nxe4 21. Bxe4 Nf6 22. hxg7 e5 23. Bd3 Kxg7 24. Rdf1 Qb4 25. Bc3 Qd6 26. Qg2+ Kf8 27. Rh6 Qd5 28. Qg5 Ne4 29. Rh8# 1-0

[Event "Stockholm Generations Blitz"]
[Site "Stockholm"]
[Date "2024.11.02"]
[Round "11"]
[White "Rozman, Levy"]
[Black "Cramling, Pia"]
[Result "1-0"]
[WhiteElo "2347"]
[BlackElo "2415"]
[PlyCount "103"]
[EventDate "2024.11.02"]
[EventType "match (blitz)"]
[EventRounds "12"]
[EventCountry "SWE"]
[SourceTitle "CB45_2024"]
[Source "ChessBase"]
[SourceDate "2024.11.06"]
[SourceVersion "1"]
[SourceVersionDate "2024.11.06"]
[SourceQuality "1"]

1. e4 c5 2. a3 g6 3. Nc3 Bg7 4. Bc4 Nc6 5. d3 e6 6. Ba2 Nf6 7. h4 h6 8. Bf4 d5 9. Nge2 d4 10. Nb1 e5 11. Bg3 Qe7 12. Nd2 Be6 13. Bxe6 Qxe6 14. Qb1 0-0 15. Qa2 Qxa2 16. Rxa2 b5 17. Ng1 Rfc8 18. Ngf3 Nh5 19. Bh2 Re8 20. g4 Nf4 21. Bxf4 exf4 22. Ke2 Rac8 23. g5 h5 24. Raa1 a6 25. Rhd1 Rcd8 26. Rab1 Rd7 27. Rbc1 Rdd8 28. Nb3 Bf8 29. c4 b4 30. axb4 Nxb4 31. Ra1 Rb8 32. Nfd2 f3+ 33. Nxf3 Nc2 34. Rac1 Ne3 35. fxe3 Rxb3 36. exd4 Rxb2+ 37. Rd2 Rxd2+ 38. Kxd2 cxd4 39. Nxd4 Bd6 40. Ra1 Bg3 41. Nf3 Re6 42. c5 Bf2 43. Ra5 Kf8 44. Ke2 Bg3 45. Ke3 Bc7 46. Ra4 a5 47. d4 Re8 48. d5 Rb8 49. d6 Bd8 50. Kd4 Rb3 51. Ne5 Rh3 52. c6 1-0

[Event "Stockholm Generations Rapid"]
[Site "Stockholm"]
[Date "2024.11.01"]
[Round "2"]
[White "Cramling, Pia"]
[Black "Rozman, Levy"]
[Result "1/2-1/2"]
[WhiteElo "2415"]
[BlackElo "2347"]
[PlyCount "125"]
[EventDate "2024.11.01"]
[EventType "match (rapid)"]
[EventRounds "6"]
[EventCountry "SWE"]
[SourceTitle "CB45_2024"]
[Source "ChessBase"]
[SourceDate "2024.11.06"]
[SourceVersion "1"]
[SourceVersionDate "2024.11.06"]
[SourceQuality "1"]

1. d4 Nf6 2. c4 e6 3. Nf3 a6 4. Nc3 d5 5. cxd5 exd5 6. Bg5 Be6 7. e3 Nbd7 8. h3 Bb4 9. Bd3 h6 10. Bf4 c5 11. 0-0 c4 12. Bc2 Qa5 13. Qe1 0-0 14. a3 Bxc3 15. Qxc3 Qxc3 16. bxc3 Ne4 17. Bxe4 dxe4 18. Nd2 Bd5 19. f3 f5 20. fxe4 fxe4 21. a4 b5 22. Rfb1 Bc6 23. Bd6 Rfe8 24. axb5 Bxb5 25. Nxe4 Bc6 26. Ng3 Re6 27. Bb4 a5 28. Rxa5 Rxa5 29. Bxa5 Rxe3 30. Kf2 Rd3 31. Rb2 Nf6 32. Re2 Nd5 33. Re6 Rd2+ 34. Re2 Rd3 35. Re6 Rd2+ 36. Ke1 Rxg2 37. Rxc6 Rxg3 38. Rxc4 Rxh3 39. Rc5 Nf4 40. Rc8+ Kf7 41. c4 Rd3 42. d5 Nxd5 43. cxd5 Rxd5 44. Rc7+ Kg8 45. Bc3 Rg5 46. Kf2 Kh7 47. Kf3 Rf5+ 48. Ke4 Rg5 49. Kf4 Kg8 50. Bd4 Kh7 51. Be5 Kg8 52. Ke4 Kh7 53. Kd5 Rg6 54. Rc8 Rg2 55. Ke6 Rg1 56. Rc7 Kg8 57. Rb7 Rg2 58. Bd4 Rg3 59. Rd7 Rg6+ 60. Ke7 Rg4 61. Be5 Rg2 62. Ke6 Rg6+ 63. Kf5 1/2-1/2

[Event "Stockholm Generations Rapid"]
[Site "Stockholm"]
[Date "2024.11.01"]
[Round "4"]
[White "Cramling, Pia"]
[Black "Rozman, Levy"]
[Result "0-1"]
[WhiteElo "2415"]
[BlackElo "2347"]
[PlyCount "60"]
[EventDate "2024.11.01"]
[EventType "match (rapid)"]
[EventRounds "6"]
[EventCountry "SWE"]
[SourceTitle "CB45_2024"]
[Source "ChessBase"]
[SourceDate "2024.11.06"]
[SourceVersion "1"]
[SourceVersionDate "2024.11.06"]
[SourceQuality "1"]

1. d4 Nf6 2. c4 e6 3. Nf3 d5 4. Nc3 Nbd7 5. cxd5 exd5 6. Bg5 c6 7. Qc2 h6 8. Bf4 Bb4 9. a3 Qa5 10. Rc1 Be7 11. Nd2 Nh5 12. Nb3 Qb6 13. Bd2 0-0 14. e3 f5 15. Bd3 g6 16. h3 Ndf6 17. g4 Ng7 18. Ne2 Qd8 19. Rg1 Ne4 20. Ng3 Bh4 21. Bb4 Rf7 22. gxf5 gxf5 23. Nd2 a5 24. Bc3 Ng5 25. Bf1 f4 26. exf4 Rxf4 27. Qd3 Qe7+ 28. Qe3 Qxe3+ 29. fxe3 Rf3 30. Nxf3 Nxf3+ 0-1

[Event "Olympiad Women-45"]
[Site "Budapest"]
[Date "2024.09.21"]
[Round "10.1"]
[White "Cramling, Pia"]
[Black "Goossens, Hanne"]
[Result "1-0"]
[WhiteElo "2425"]
[BlackElo "2189"]
[PlyCount "45"]
[EventDate "2024.09.11"]
[EventType "team-swiss"]
[EventRounds "11"]
[EventCountry "HUN"]
[SourceTitle "EXT 2025"]
[Source "ChessBase"]
[SourceDate "2024.10.14"]
[SourceVersion "1"]
[SourceVersionDate "2024.10.14"]
[SourceQuality "1"]
[WhiteTeam "Sweden (W)"]
[BlackTeam "Belgium (W)"]
[WhiteTeamCountry "SWE"]
[BlackTeamCountry "BEL"]

1. Nf3 d5 2. g3 g6 3. Bg2 Bg7 4. d4 c6 5. 0-0 Nf6 6. b3 0-0 7. Bb2 Ne4 8. Nbd2 Nxd2 9. Qxd2 Nd7 10. c4 dxc4 11. bxc4 e5 12. Rfd1 exd4 13. Nxd4 Ne5 14. Qc2 Qb6 15. Rab1 Qa6 16. Rdc1 Rd8 17. Qb3 Rb8 18. h3 Nd7 19. Rd1 Nb6 20. Nxc6 Rxd1+ 21. Rxd1 bxc6 22. Rd8+ Bf8 23. Qc3 1-0

[Event "Olympiad Women-45"]
[Site "Budapest"]
[Date "2024.09.15"]
[Round "5.8"]
[White "Wagner, Dinara"]
[Black "Cramling, Pia"]
[Result "1/2-1/2"]
[WhiteElo "2452"]
[BlackElo "2425"]
[PlyCount "61"]
[EventDate "2024.09.11"]
[EventType "team-swiss"]
[EventRounds "11"]
[EventCountry "HUN"]
[SourceTitle "EXT 2025"]
[Source "ChessBase"]
[SourceDate "2024.10.14"]
[SourceVersion "1"]
[SourceVersionDate "2024.10.14"]
[SourceQuality "1"]
[WhiteTeam "Germany (W)"]
[BlackTeam "Sweden (W)"]
[WhiteTeamCountry "GER"]
[BlackTeamCountry "SWE"]

1. d4 d5 2. c4 e6 3. Nf3 Nf6 4. Nc3 Nbd7 5. cxd5 exd5 6. Bg5 c6 7. Qc2 Be7 8. h3 Nf8 9. e3 Ne6 10. Bh4 g6 11. Bd3 Ng7 12. g4 Be6 13. 0-0-0 Nd7 14. Bg3 0-0 15. Ne5 f6 16. Nxd7 Qxd7 17. Kb1 Bd6 18. Bxd6 Qxd6 19. Rdg1 Qd7 20. Ne2 b6 21. Nf4 c5 22. dxc5 Rac8 23. c6 Qxc6 24. Qxc6 Rxc6 25. Rc1 Rfc8 26. Rxc6 Rxc6 27. Bc2 d4 28. exd4 Bxa2+ 29. Kxa2 Rxc2 30. Rf1 Kf7 31. Kb3 1/2-1/2

[Event "Olympiad Women-45"]
[Site "Budapest"]
[Date "2024.09.14"]
[Round "4.22"]
[White "Shuqja, Klean"]
[Black "Cramling, Pia"]
[Result "0-1"]
[WhiteElo "2042"]
[BlackElo "2425"]
[PlyCount "100"]
[EventDate "2024.09.11"]
[EventType "team-swiss"]
[EventRounds "11"]
[EventCountry "HUN"]
[SourceTitle "EXT 2025"]
[Source "ChessBase"]
[SourceDate "2024.10.14"]
[SourceVersion "1"]
[SourceVersionDate "2024.10.14"]
[SourceQuality "1"]
[WhiteTeam "Albania (W)"]
[BlackTeam "Sweden (W)"]
[WhiteTeamCountry "ALB"]
[BlackTeamCountry "SWE"]

1. e4 c5 2. Nf3 e6 3. c3 Nf6 4. e5 Nd5 5. d4 cxd4 6. cxd4 d6 7. Bc4 Nb6 8. Bd3 Bd7 9. 0-0 Bc6 10. Qe2 Bxf3 11. Qxf3 Nc6 12. Bb5 d5 13. Qg4 h5 14. Qg5 Rc8 15. Qxd8+ Kxd8 16. Be3 a6 17. Be2 Be7 18. Nd2 Kd7 19. Rac1 g6 20. Rfd1 Na4 21. Rb1 b5 22. Nb3 Rc7 23. f4 Na7 24. Bd3 Nc8 25. Nd2 Ncb6 26. a3 Rb8 27. Re1 Nc4 28. b3 Nxe3 29. bxa4 Nc2 30. Bxc2 Rxc2 31. Nf3 Bxa3 32. axb5 axb5 33. Re3 Rc1+ 34. Re1 Rxe1+ 35. Nxe1 Be7 36. Nd3 b4 37. Rb3 Rc8 38. Kf2 Rc4 39. Ke3 Kc6 40. Rb2 Kb5 41. Ra2 Rc7 42. g3 b3 43. Ra8 Kc4 44. Rb8 Kc3 45. h3 Rc4 46. g4 hxg4 47. hxg4 Bb4 48. f5 Rxd4 49. Nc1 Re4+ 50. Kf3 b2 0-1

[Event "Olympiad Women-45"]
[Site "Budapest"]
[Date "2024.09.13"]
[Round "3.14"]
[White "Cramling, Pia"]
[Black "Daulyte Cornette, Deimante"]
[Result "0-1"]
[WhiteElo "2425"]
[BlackElo "2369"]
[PlyCount "78"]
[EventDate "2024.09.11"]
[EventType "team-swiss"]
[EventRounds "11"]
[EventCountry "HUN"]
[SourceTitle "EXT 2025"]
[Source "ChessBase"]
[SourceDate "2024.10.14"]
[SourceVersion "1"]
[SourceVersionDate "2024.10.14"]
[SourceQuality "1"]
[WhiteTeam "Sweden (W)"]
[BlackTeam "France (W)"]
[WhiteTeamCountry "SWE"]
[BlackTeamCountry "FRA"]

1. d4 Nf6 2. c4 e6 3. Nf3 d5 4. Nc3 Nbd7 5. cxd5 exd5 6. Bg5 Bb4 7. Qa4 c5 8. dxc5 Bxc3+ 9. bxc3 0-0 10. e3 Nxc5 11. Qb4 Nce4 12. Bd3 Nxg5 13. Nxg5 h6 14. Nf3 Qc7 15. 0-0 Bd7 16. Rab1 b5 17. h3 a6 18. Rb3 Rfe8 19. Rd1 Ne4 20. Bxe4 dxe4 21. Nd4 Re5 22. Ne2 Be6 23. Rb2 Rd8 24. Rd4 Bc4 25. Rbd2 Ree8 26. Nc1 a5 27. Qa3 Rxd4 28. cxd4 Rc8 29. Rc2 Qd8 30. Nb3 Bxb3 31. Qxb3 Rxc2 32. Qxc2 Qd5 33. Kf1 a4 34. Ke1 a3 35. Kd1 b4 36. g4 g6 37. Kc1 Qb5 38. Qd2 Qf1+ 39. Kc2 Qd3+ 0-1

[Event "Trondheim Lewis op"]
[Site "Trondheim"]
[Date "2024.08.13"]
[Round "8"]
[White "Cramling, Pia"]
[Black "Sian, Shadi"]
[Result "1-0"]
[WhiteElo "2437"]
[BlackElo "2167"]
[PlyCount "49"]
[EventDate "2024.08.06"]
[EventType "swiss"]
[EventRounds "9"]
[EventCountry "NOR"]
[SourceTitle "EXT 2025"]
[Source "ChessBase"]
[SourceDate "2024.10.14"]
[SourceVersion "1"]
[SourceVersionDate "2024.10.14"]
[SourceQuality "1"]

1. d4 Nf6 2. c4 e6 3. Nc3 d5 4. cxd5 exd5 5. Bg5 Be7 6. e3 h6 7. Bh4 0-0 8. Bd3 c6 9. Nge2 Nbd7 10. Qc2 Re8 11. f3 b5 12. 0-0 Nb6 13. Bf2 Be6 14. Rac1 Rc8 15. Kh1 a6 16. Nf4 Bd7 17. Rfe1 Bd6 18. Qd2 Bxf4 19. exf4 Nc4 20. Qc2 Qb6 21. b3 Rxe1+ 22. Rxe1 Nd6 23. g4 Nb7 24. g5 Nh5 25. Nxd5 1-0

[Event "Trondheim Lewis op"]
[Site "Trondheim"]
[Date "2024.08.07"]
[Round "2"]
[White "Cramling, Pia"]
[Black "Luong, Phuong Hanh"]
[Result "1/2-1/2"]
[WhiteElo "2437"]
[BlackElo "2214"]
[PlyCount "117"]
[EventDate "2024.08.06"]
[EventType "swiss"]
[EventRounds "9"]
[EventCountry "NOR"]
[SourceTitle "EXT 2025"]
[Source "ChessBase"]
[SourceDate "2024.10.14"]
[SourceVersion "1"]
[SourceVersionDate "2024.10.14"]
[SourceQuality "1"]

1. c4 e6 2. g3 Nf6 3. Bg2 d5 4. Nf3 c6 5. Qc2 dxc4 6. Qxc4 b5 7. Qc2 Bb7 8. 0-0 c5 9. d3 Nbd7 10. Nc3 a6 11. e4 Rc8 12. Qe2 b4 13. Nd1 c4 14. dxc4 Bxe4 15. Ne3 Bc5 16. b3 Qb6 17. Nc2 0-0 18. Bb2 Qb7 19. Rad1 Rcd8 20. Rd2 Bc6 21. Ncd4 Bxd4 22. Rxd4 Nc5 23. Rfd1 Rxd4 24. Bxd4 Nce4 25. Ne1 Rd8 26. f3 e5 27. Be3 Rxd1 28. Qxd1 Nc3 29. Qd8+ Ne8 30. Nd3 f6 31. f4 e4 32. Nc5 Qc7 33. Qd2 a5 34. Ne6 Qd6 35. Nd4 Bd7 36. a3 f5 37. axb4 axb4 38. Nc2 Be6 39. Bf1 Qe7 40. Bd4 Nf6 41. Nxb4 Nb1 42. Qe1 Qd6 43. Be3 Ng4 44. c5 Qd8 45. Nc6 Qa8 46. Ne5 Nxe3 47. Qxe3 Qd5 48. c6 Nd2 49. Bc4 Nxc4 50. bxc4 Qd1+ 51. Kg2 h6 52. h4 Qc2+ 53. Qf2 Qc3 54. Qe2 Qd4 55. h5 Kh7 56. Qc2 Qd6 57. Qe2 Qd4 58. Qc2 Qd6 59. Qe2 1/2-1/2

[Event "Trondheim Lewis op"]
[Site "Trondheim"]
[Date "2024.08.06"]
[Round "1"]
[White "Oye Stromberg, Alexander"]
[Black "Cramling, Pia"]
[Result "1-0"]
[WhiteElo "2242"]
[BlackElo "2437"]
[PlyCount "91"]
[EventDate "2024.08.06"]
[EventType "swiss"]
[EventRounds "9"]
[EventCountry "NOR"]
[SourceTitle "EXT 2025"]
[Source "ChessBase"]
[SourceDate "2024.10.14"]
[SourceVersion "1"]
[SourceVersionDate "2024.10.14"]
[SourceQuality "1"]

1. e4 c5 2. Nf3 Nc6 3. d4 cxd4 4. Nxd4 e6 5. Nc3 a6 6. Be3 Nf6 7. Be2 Bb4 8. Nxc6 bxc6 9. e5 Nd5 10. Bd2 Nxc3 11. bxc3 Bc5 12. Bd3 Qc7 13. Qe2 a5 14. 0-0 d5 15. Kh1 0-0 16. Rae1 f5 17. exf6 Rxf6 18. c4 Bd7 19. Bc3 d4 20. Bd2 Bb4 21. Bg5 Rf7 22. Qe4 g6 23. Re2 Qd6 24. Kg1 Re8 25. Qe5 Bc8 26. Bf6 Qf8 27. Bh4 Bc5 28. Rb1 Rb7 29. Rxb7 Bxb7 30. Bg3 Qe7 31. h4 Bb6 32. h5 g5 33. Re4 c5 34. Rg4 h6 35. f4 Bc7 36. Qe1 e5 37. fxg5 Bc8 38. Qe4 Bxg4 39. Qg6+ Kf8 40. gxh6 Bxh5 41. Qxh5 Rb8 42. Be4 Qf7 43. Qg4 Qf6 44. h7 Qh6 45. Bh4 Ke8 46. Bg6+ 1-0

[Event "FRA-chT Top 12 (Women) Final"]
[Site "Chartres"]
[Date "2024.06.30"]
[Round "3.2"]
[White "Cramling, Pia"]
[Black "Guichard, Pauline"]
[Result "1-0"]
[WhiteElo "2447"]
[BlackElo "2357"]
[PlyCount "131"]
[EventDate "2024.06.29"]
[EventType "team-k.o."]
[EventRounds "3"]
[EventCountry "FRA"]
[SourceTitle "CBM 221 Extra"]
[Source "ChessBase"]
[SourceDate "2024.09.30"]
[SourceVersion "1"]
[SourceVersionDate "2024.09.30"]
[SourceQuality "1"]
[WhiteTeam "Monaco (W)"]
[BlackTeam "Asnieres (W)"]
[WhiteTeamCountry "MNC"]
[BlackTeamCountry "FRA"]

1. d4 Nf6 2. c4 e6 3. Nf3 d5 4. Nc3 dxc4 5. e3 a6 6. a4 c5 7. Bxc4 Nc6 8. 0-0 Be7 9. dxc5 Qxd1 10. Rxd1 Bxc5 11. Bd2 b6 12. Bd3 Bb7 13. Ne4 Be7 14. Nxf6+ Bxf6 15. Rac1 0-0 16. Be4 Na5 17. Bxb7 Nxb7 18. b3 Nc5 19. Bb4 Rfd8 20. Bxc5 bxc5 21. Rxd8+ Rxd8 22. Kf1 Be7 23. Ke2 Kf8 24. Ne5 Ke8 25. Rd1 Rb8 26. Rd3 Bf6 27. Nc4 Be7 28. Kd1 h5 29. Kc2 g6 30. g3 h4 31. f4 hxg3 32. hxg3 Bf6 33. g4 Be7 34. g5 Bf8 35. Rd2 Be7 36. Rh2 Rd8 37. Rh8+ Bf8 38. Ne5 Rc8 39. Rh7 Rd8 40. Rxf7 Bd6 41. Rg7 Bxe5 42. fxe5 Rd5 43. Rxg6 Rxe5 44. Kd3 Kf7 45. Rh6 Rxg5 46. Rh7+ Kf6 47. Ra7 a5 48. Kc4 Re5 49. Rxa5 Rxe3 50. Rxc5 e5 51. a5 Re1 52. Kb5 e4 53. a6 e3 54. b4 Rd1 55. Rc2 Rd2 56. Rc3 Rd5+ 57. Kb6 e2 58. Re3 Re5 59. Rxe2 Rxe2 60. b5 Re6+ 61. Kc7 Re7+ 62. Kb8 Ke5 63. a7 Kd6 64. a8Q Re8+ 65. Kb7 Rxa8 66. Kxa8 1-0